00438nam a22001337a 4500008004100000020001500041040001500056050002700071245008500098250002100183260004700204300001800251650003500269180705b xxu||||| |||| 00| 0 eng d a1600815447 aKABUcKABU aPE1628b.N49 2013 c. 1 aThe new international Webster's comprehensive dictionary of the english language aEncyclopedic ed. aUSAbStandard International Media Holdings axxii, 1674 p. aEnglish languagevDictionaries